たべっ子どうぶつの動物 - Statistics

General Stats
  • This quiz has been taken 293 times
  • The average score is 20 of 47
Answer Stats
Answer % Correct
CAT / ねこ
89%
DOG / いぬ
89%
ELEPHANT / ぞう
82%
LION / らいおん
82%
RABBIT / うさぎ
77%
TIGER / とら
77%
HORSE / うま
73%
MONKEY / さる
72%
BEAR / くま
71%
SHEEP / ひつじ
66%
MOUSE / ねずみ
64%
HIPPO / かば
61%
PANDA / ぱんだ
54%
FOX / きつね
52%
WILD BOAR / いのしし
50%
PENGUIN / ぺんぎん
47%
EAGLE / わし
44%
RHINOCEROS / さい
44%
DEER / しか
43%
GOAT / やぎ
43%
TORTOISE / かめ
42%
HAWK / たか
41%
KOALA / こあら
40%
PIGEON / はと
37%
WOLF / おおかみ
37%
SPARROW / すずめ
36%
DUCK / あひる
35%
LEOPARD / ひょう
34%
BAT / こうもり
33%
COW / めうし
33%
SQUIRREL / りす
33%
OX / おうし
31%
RACCOON / あらいぐま
29%
CAMEL / らくだ
28%
PEAFOWL / くじゃく
24%
PARROT / おうむ
22%
MACAW / いんこ
21%
HEN / めんどり
18%
ROOSTER / おんどり
18%
PELICAN / ぺりかん
17%
POLAR BEAR / ほっきょくぐま
16%
TAPIR / ばく
16%
FURSEAL / おっとせい
12%
PORCUPINE / やまあらし
10%
HORN-OWL / みみずく
9%
LYNX / おおやまねこ
5%
M,DUCK / おしどり
5%
No matching quizzes found
Score Distribution
Percent of People with Each Score
Percentile by Number Answered
Your Score History
You have not taken this quiz